Inequalities
Αποθηκεύτηκε σε:
| Κύριος συγγραφέας: | |
|---|---|
| Άλλοι συγγραφείς: | , |
| Μορφή: | Βιβλίο |
| Γλώσσα: | English |
| Δημοσίευση: |
Cambridge :
Cambridge University Press,
1999, c1952.
|
| Θέματα: | |
| Ετικέτες: |
Προσθήκη ετικέτας
Δεν υπάρχουν, Καταχωρήστε ετικέτα πρώτοι!
|
MARC
| LEADER | 00000nam a2200000 i 4500 | ||
|---|---|---|---|
| 001 | 1/37643 | ||
| 008 | 941103r19991952 eng d | ||
| 020 | |a 0-521-35880-9 (pbk.) | ||
| 035 | |a 1990 |c ΚΥΡΙΤΣΗΣ |l 10040562 | ||
| 040 | |a GR-MY-UA |b gre |e aacr | ||
| 041 | 0 | |a eng | |
| 082 | 0 | |a 515.26 | |
| 100 | 1 | |a Hardy, G. H. |q (Godfrey Harold), |d 1877-1947. | |
| 245 | 1 | 0 | |a Inequalities / |c by G.H. Hardy, J.E. Littlewood, G. Polya. |
| 260 | |a Cambridge : |b Cambridge University Press, |c 1999, c1952. | ||
| 300 | |a 324 σ. ; |c 23 εκ. | ||
| 500 | |a Το αντίτυπο 2 είναι ανατύπωση του 1934 και έτος έκδοσης 1952. | ||
| 500 | |a Includes bibliographical references | ||
| 650 | 0 | 0 | |a Inequalities (Mathematics) |
| 700 | 1 | |a Littlewood, John E. |q (John Edensor), |d 1885-1977. | |
| 700 | 1 | |a Polya, George, |d 1887-1985. | |
| 852 | |a INST |b CHIOS |e 20050519 |h 515.26 HAR |p 005200021932 |q 005200021932 |t BK |y 0 | ||
| 852 | |a INST |b SAMOS |e 19941103 |h 515.26 HAR |p 005300009933 |q 005300047640 |t BK |y 0 | ||
| 852 | |a INST |b SAMOS |c MAG |e 20150930 |h 515.26 HAR |p 005300042865 |q 005300042865 |t BK |y 0 | ||
| 901 | |a BIB2-2005-2 | ||
| 909 | |a Σ |b 016880 | ||
| 909 | |a Χ |b 112967 | ||
| 920 | |a ΔΙΕΥΡΥΝΣΗ |b ΕΠΕΑΕΚ-ΤΜΟΔ |y ΧΙΟΣ |z 2004-12 | ||
| 920 | |a Μάγειρας |b Παναγιώτης |y Σάμος |z 2008-09 | ||
| 970 | |a Σιτζίμη |b Γιασεμή |z 30/09/2015 | ||